000 00840nam a2200241 i 4500
001 5682
003 ES-MaACL
005 20230906144647.0
007 t|
008 890420s1988 sp ||||1| spa d
020 _a84-7483-495-3
080 _a058.7:027(46)
080 _a027:058.7(46)
245 0 0 _aDirectorio de bibliotecas españolas /
_c[dirección, Alicia Girón García ; dirección técnica, Concepción Molina Peralta].
260 _aMadrid :
_bMinisterio de Cultura,
_c1988.
300 _a529 p. ;
_c30 cm.
650 1 4 _aBibliotecas-
_zEspaña-
_vDirectorios.
_910536
700 1 _aGirón García, Alicia.
_957272
700 1 _aMolina Peralta, Concepcion,
_edir.
_9194880
710 1 _aEspaña.
_bDirección General del Libro y Bibliotecas.
_93788
852 _aES-MaACL
_jL-12570
_bR.116341
_z. - rust.
999 _c5682
_d5682